BIBLIOTECA

SENCICO

Decoración comercial : (Registro nro. 2586)

Detalles MARC
000 -LEADER
fixed length control field 00763nam a2200241Ia 4500
003 - CONTROL NUMBER IDENTIFIER
control field PE SENCICO BE
005 - DATE AND TIME OF LATEST TRANSACTION
control field 20251020182547.0
008 - FIXED-LENGTH DATA ELEMENTS--GENERAL INFORMATION
fixed length control field 200515s9999 xx 000 0 und d
020 ## - INTERNATIONAL STANDARD BOOK NUMBER
International Standard Book Number 84-8185-157-4
040 ## - CATALOGING SOURCE
Original cataloging agency PE SENCICO BE
Transcribing agency PE SENCICO BE
041 ## - LANGUAGE CODE
Language code of text/sound track or separate title spa
082 ## - DEWEY DECIMAL CLASSIFICATION NUMBER
Classification number 747.852
Item number A81S
100 1# - MAIN ENTRY--PERSONAL NAME
Personal name Asensio Cerver, Francisco
9 (RLIN) 878
Relator term autor
245 14 - TITLE STATEMENT
Title Decoración comercial :
Remainder of title showrooms /
Statement of responsibility, etc. Francisco Asensio Cerver
250 ## - EDITION STATEMENT
Edition statement 1a ed.
260 ## - PUBLICATION, DISTRIBUTION, ETC.
Place of publication, distribution, etc. Barcelona :
Name of publisher, distributor, etc. Atrium Internacional,
Date of publication, distribution, etc. 1998
300 ## - PHYSICAL DESCRIPTION
Extent 119 p. :
Other physical details il. col., lams.,
Dimensions 29 cm.
490 ## - SERIES STATEMENT
Series statement Enciclopedias Atrium para profesionales
650 14 - SUBJECT ADDED ENTRY--TOPICAL TERM
Topical term or geographic name entry element Decoración comercial
9 (RLIN) 879
650 24 - SUBJECT ADDED ENTRY--TOPICAL TERM
Topical term or geographic name entry element Salas de exhibiciones
9 (RLIN) 885
650 24 - SUBJECT ADDED ENTRY--TOPICAL TERM
Topical term or geographic name entry element Espacios públicos
9 (RLIN) 760
942 ## - ADDED ENTRY ELEMENTS (KOHA)
Koha item type Libros
Source of classification or shelving scheme Dewey Decimal Classification
Existencias
Fecha de la última vez que lo usaron Pago total Signatura topográfica completa Código de barras Precio efectivo desde Tipo de documento Estado perdido Estado dañado No es para préstamo Retirado Ubicación permanente Ubicación actual Fecha de adquisición
15/05/2020   747:740/A81/S Bib-Lima15052586 15/05/2020 Libros         Biblioteca Central Lima Biblioteca Central Lima 15/05/2020